LEADER 01165nam0 2200313 450 001 000038011 005 20250513155321.0 010 $a88-324-3277-1 100 $a20240531d1998----km-y0itay50------ba 101 0 $aita 102 $aIT 105 $ay-------001yy 200 1 $aContabilità e bilanci degli enti locali$eprogrammazione, controllo di gestione e revisione nel nuovo ordinamento finanziario e contabile$fAdriano Propersi 205 $a3. ed. 210 $aMilano$cIl sole-24 ore norme e tributi$d1998 215 $aXVII, 549 p.$d24 cm. 225 2 $aContabilità e bilancio 300 $aSegue: Appendice legislativa 410 0$12001$aContabilità e bilancio 500 10$aContabilità e bilanci degli enti locali$9195412 610 1 $aEnti locali$aBilancio 610 1 $aEnti locali$aContabilità 676 $a657.835$v20$9Contabilita' per l'amministrazione pubblica. Contabilita di Stato. 20 700 1$aPropersi,$bAdriano$0106694 801 0$aIT$bUNIPARTHENOPE$c2025$gREICAT$2UNIMARC 912 $a000038011 951 $aDISAE 513/15$b5245$cNAVA2$d2025 996 $aContabilità e bilanci degli enti locali$9195412 997 $aUNIPARTHENOPE